000 00174nam a22000857a 4500
001 1254493
005 20251112124005.0
245 _a1984
_cGEORGE ORWELL
260 _bCAN YAYINLARI
999 _c1254493
_d1254493